Online
Catalog

Ley de organización judicial : (Record no. 13104)

MARC details
000 -CABECERA
campo de control de longitud fija 02156nam a2200385 a 4500
001 - NÚMERO DE CONTROL
campo de control 000013480
003 - IDENTIFICADOR DEL NÚMERO DE CONTROL
campo de control DO-SdBNP
005 - FECHA Y HORA DE LA ÚLTIMA TRANSACCIÓN
campo de control 20250502073819.0
007 - CAMPO FIJO DE DESCRIPCIÓN FÍSICA--INFORMACIÓN GENERAL
campo de control de longitud fija ta
008 - DATOS DE LONGITUD FIJA--INFORMACIÓN GENERAL
campo de control de longitud fija 091125s1985 dr 001 0 spa d
040 ## - FUENTE DE LA CATALOGACIÓN
Centro catalogador/agencia de origen DO-SdBNP
Lengua de catalogación spa
Centro/agencia transcriptor BNPHU
082 #4 - NÚMERO DE LA CLASIFICACIÓN DECIMAL DEWEY
Número de clasificación 347.7293013
Número de documento/Ítem R426L, 1985
Número de edición 22
110 1# - ENTRADA PRINCIPAL--NOMBRE DE ENTIDAD CORPORATIVA
Nombre de entidad corporativa o nombre de jurisdicción como elemento de entrada República Dominicana.
Unidad subordinada Oficina Nacional de Administración y Personal
9 (RLIN) 26398
240 10 - TÍTULO UNIFORME
Título uniforme [Leyes, etc.]
245 10 - MENCIÓN DE TÍTULO
Título Ley de organización judicial :
Resto del título Apéndice : Ley que crea el Colegio de Abogados de la República; estatuto orgánico, y código de ética del Colegio de Abogado de la República Dominicana; Reglamentos del Colegio de Abogados relativos a : seguro de vida; servicios médicos; plan de retiro, pensiones y auxilios especiales /
Mención de responsabilidad, etc. presentación Manuel Berges Chupani.
250 ## - MENCIÓN DE EDICIÓN
Mención de edición 2a. ed.
260 ## - PUBLICACIÓN, DISTRIBUCIÓN, ETC.
Lugar de publicación, distribución, etc. Santo Domingo :
Nombre del editor, distribuidor, etc. ONAP,
Fecha de publicación, distribución, etc. 1985.
300 ## - DESCRIPCIÓN FÍSICA
Extensión 183 p. ;
Dimensiones 22 cm.
490 1# - MENCIÓN DE SERIE
Mención de serie Leyes y códigos dominicanos
Designación de volumen o secuencia 3
490 1# - MENCIÓN DE SERIE
Mención de serie ONAP
500 ## - NOTA GENERAL
Nota general Apéndice : Ley que crea el Colegio de Abogados de la República; estatuto orgánico, y código de ética del Colegio de Abogado de la República Dominicana; reglamentos del Colegio de Abogados relativos a : seguro de Vida; Servicios médicos; plan de retiro, pensiones y auxilios especiales.
500 ## - NOTA GENERAL
Nota general Titulo en el lomo: Ley de organización judicial y apéndice.
500 ## - NOTA GENERAL
Nota general "Apéndice: Ley que crea el Colegio de Abogados de la República, Estatuto orgánico y Código de ética del Colegio de Abogados de la República Dominicana ; Reglamentos del Colegio de Abogados relativos a: Seguro de vida; Servicios médicos; Pan de retiro, Pensiones y Auxilios especiales¨.
590 ## - NOTA LOCAL (RLIN)
Nota local Inventariado, 2022/MFF
650 #4 - PUNTO DE ACCESO ADICIONAL DE MATERIA--TÉRMINO DE MATERIA
Término de materia o nombre geográfico como elemento de entrada Legislacion judicial
9 (RLIN) 30795
650 #4 - PUNTO DE ACCESO ADICIONAL DE MATERIA--TÉRMINO DE MATERIA
Término de materia o nombre geográfico como elemento de entrada Poder judicial
Subdivisión general Legislación
9 (RLIN) 30796
651 #4 - PUNTO DE ACCESO ADICIONAL DE MATERIA--NOMBRE GEOGRÁFICO
Nombre geográfico República Dominicana
Subdivisión general Leyes
9 (RLIN) 16541
651 #4 - PUNTO DE ACCESO ADICIONAL DE MATERIA--NOMBRE GEOGRÁFICO
Nombre geográfico República Dominicana
Subdivisión general Ley 821
9 (RLIN) 30801
700 1# - PUNTO DE ACCESO ADICIONAL--NOMBRE DE PERSONA
Nombre de persona Bergés Chupani, Manuel
9 (RLIN) 8440
740 0# - PUNTO DE ACCESO ADICIONAL--TÍTULO RELACIONADO O ANALÍTICO NO CONTROLADO
Título relacionado o analítico no controlado Ley de organización judicial y apéndice.
830 #0 - PUNTO DE ACCESO ADICIONAL DE SERIE-TÍTULO UNIFORME
Título uniforme leyes y códigos dominicanos
Designación de volumen o secuencia 3
9 (RLIN) 30802
830 ## - PUNTO DE ACCESO ADICIONAL DE SERIE-TÍTULO UNIFORME
Título uniforme ONAP
9 (RLIN) 10860
910 ## - DATOS DE OPCIÓN DEL USUARIO (OCLC)
Datos de opción del usuario Validado. Control de calidad
942 ## - ELEMENTOS DE PUNTO DE ACCESO ADICIONAL (KOHA)
Fuente del sistema de clasificación o colocación Dewey Decimal Classification
Tipo de ítem Koha Libro
Holdings
Estado de retiro Estado de pérdida Fuente del sistema de clasificación o colocación Restricciones de uso No para préstamo Código de colección Localización permanente Ubicación/localización actual Ubicación en estantería Fecha de adquisición Signatura topográfica completa Código de barras Fecha visto por última vez Precio válido a partir de Tipo de ítem Koha
    Dewey Decimal Classification Excluido de préstamo   Patrimonio Dominicano Biblioteca Nacional Pedro Henríquez Ureña Biblioteca Nacional Pedro Henríquez Ureña Depósito 25.11.2009 BNPHU PD 347.013 R426L 1985 13480-10 25.06.2020 25.06.2020 Libro

Powered by Koha